La Apertura de México al Pacífico /

Guardat en:
Dades bibliogràfiques
Autor corporatiu: Instituto Matías Romero de Estudios Diplomáticos, comp
Format: Text
Publicat: México: Secretaría de Relaciones Exteriores
Etiquetes: Afegir etiqueta
Sense etiquetes, Sigues el primer a etiquetar aquest registre!

MARC

LEADER 00000 a a2200000 04500
001 23809
003
040
090 |a 169000  
110 |a Instituto Matías Romero de Estudios Diplomáticos  
245 |a La Apertura de México al Pacífico /  |c Instituto Matías Romero de Estudios Diplomáticos  
260 |a México:   |b Secretaría de Relaciones Exteriores  
300 |a 162 p  
710 |a comp  
999 |c 1361  |d 1361